=LDR 00000nam 2200000 4500 =001 INLIS000000000025637 =005 20130612124130 =008 ***********************************Ind** =035 ##$$0010-061300000025637 =041 ##$$a Ind =082 ##$$a 398 =090 ##$$a 398, Set s =100 ##$$a Setiawan, .A =245 ##$$a Cerita Rakayat jawa barat, Syekh haji Abdul Muhyi, A. Setiawan, U. Syahbudin =260 ##$$a 2000 $b Bandung =300 ##$$a 128 hlm, 29 cm =650 ##$$a Cerita Rakyat =650 ##$$a Jawa Barat =700 ##$$a U. Syahbudin =850 ##$$a NBPNMAT